00654nam a2200193Ia 4500008004100000020001500041040001800056041000800074060001000082100002800092245014600120260005800266300001800324650002200342650002400364650001900388650002000407700003300427130821s2007 ck gr spa  a9589783573 aCo-BoUCMbspa00aspa aW 7501 aMora Izquierdo, Ricardo13aLa evidencia física y la cadena de custodia dentro del procedimiento penal acusatoriocRicardo Mora Izquierdo y Maria Dolores Sanchez Prada aBogotá (Colombia)bEditores Graficos Colombiac2007 a242 páginas04aCiencias forenses04aEvidencia (Derecho)04aMedicina legal04aQuímica legal1 aSanchez Prada, Maria Dolores